| 000 | 00554cam a2200229ua 4500 | ||
|---|---|---|---|
| 001 | 7137 | ||
| 005 | 20260515114147.0 | ||
| 008 | 141127n ii |||gr||||Z||||||asm | ||
| 020 | _a9789381689295 | ||
| 040 | _cMAIN | ||
| 041 | _aasm | ||
| 082 | _a370 | ||
| 100 |
_aNeog, M., _eAuthor. |
||
| 245 |
_aSikshar monobaigyanik vitti _cBy Mukunda Neog |
||
| 250 | _a1st. | ||
| 260 |
_aLakhimpur: _bDutta, _c2012. |
||
| 300 | _a258p. | ||
| 653 | _aEducational psychology | ||
| 700 |
_aSonowal, P., _eAuthor. |
||
| 700 |
_aDutta, K., _eAuthor. |
||
| 942 | _cBK | ||
| 999 |
_c6258 _d6258 |
||